Statistics for Countries with the Most Arabic Speakers

Click here to take the quiz!

General Stats

  • This quiz has been taken 34,671 times
  • The average score is 8 of 10

Answer Stats

# % Country % Correct
22 mil73Saudi Arabia
98%
94 mil93Egypt
95%
30 mil75Iraq
93%
17 mil92Syria
86%
28 mil94Yemen
85%
31 mil72Algeria
84%
26 mil72Morocco
80%
9.9 mil98Jordan
77%
30 mil70Sudan
74%
11 mil98Tunisia
73%

Score Distribution

Percentile by Number Answered

Percent of People with Each Score

Your Score History

You have not taken this quiz